MARC

LEADER 00000nam0a2200000 4500
001 93889
005 20231031105428.0
035 |a (RuTPU)RU\TPU\book\100579 
090 |a 93889 
100 |a 20060404d1970 m y0rusy50 ca 
101 0 |a rus 
102 |a RU 
105 |a a z 001zy 
200 1 |a Строительство нефтегазопромысловых объектов  |f Г. М. Скоблов 
210 |a Москва  |c Недра  |d 1970 
215 |a 192 с.  |c ил. 
320 |a Библиография в конце книги. 
610 1 |a нефтепромысловые сооружения 
610 1 |a газопромысловые сооружения 
610 1 |a строительно-монтажные работы 
610 1 |a проектно-техническая документация 
675 |a 622.32  |v 3 
700 1 |a Скоблов  |b Г. М.  |g Георгий Михайлович 
801 1 |a RU  |b 63413507  |c 20060404  |g PSBO 
801 2 |a RU  |b 63413507  |c 20171123  |g PSBO 
942 |c BK